000 02194nam0a2200373 4500
001 RU\NLR\BIBL_A\012648064
005 20220113163901.0
010 _a978-5-94836-621-0
_9150
021 _aRU
_bКН-П-21-046061
_9КН-П-21-3633
035 _a(NLR Aleph) 012648064
090 _a12717465
_c12717465
100 _a20211122d2021 u y0rusy50 ca
101 0 _arus
102 _aRU
105 _aa j 000zy
181 0 _ai
_baxxe
182 0 _an
200 1 _aТехнологическая подготовка производства
_eучебное пособие
_eдля бакалавров по направлению 15.03.01 "Машиностроение", 22.03.01 "Материаловедение и технологии материалов", магистрантов технологических направлений
_fЕ. А. Солопова, С. В. Курынцев
203 _aТекст
_bвизуальный
_cнепосредственный
210 _aМосква
_cТехносфера
_d2021
215 _a145, [1] с.
_cил., табл.
_d24
225 1 _aМир материалов и технологий
300 _aНа 4-й с. обл. авт.: Е. А. Солопова, преподаватель, С. В. Курынцев, к.э.н., доц.
320 _aБиблиогр.: с. 144-145 (19 назв.)
606 1 _aМашиностроение
_xТехнологические процессы
_xПроектирование
_jУчебные издания для высших учебных заведений
_2nlr_sh2
_3RU\NLR\AUTH\66709986
606 1 _aТехнологическая документация
_xОформление
_jУчебные издания для высших учебных заведений
_2nlr_sh1
_2nlr_sh2
_3RU\NLR\AUTH\661276442
686 1 _aК5-642я73-1
686 1 _aЖ606.45я73-1
700 1 _aСолопова
_bЕ. А.
_gЕлена Алексеевна
701 1 _aКурынцев
_bС. В.
_gСергей Вячеславович
942 _cBOOK
980 _aNB